| 000 | 00999nam a2200253 i 4500 | ||
|---|---|---|---|
| 003 | DO-SdBNP | ||
| 005 | 20250626083403.0 | ||
| 007 | ta | ||
| 008 | 230623e2011 dr ac||| |||| 00| 0 spa d | ||
| 040 |
_aDO-SdBNP _bspa _cBNPHU _erda |
||
| 041 | _aspa | ||
| 082 | 4 |
_axxx _bJ61p _222 |
|
| 100 |
_aJiménez O. , José de Js., _eautor _4aut. _918647 |
||
| 245 | 1 | 0 |
_aPatologías médicas : _bhospital José María Cabral y Báez, lapso 1954 - 2004 / _cJosé de Js. Jiménez O. ; prólogo, Reynolds Jossef Pérez Stefan |
| 264 | 1 |
_aSantiago de los Caballeros, República Dominicana: _bEditor sin identificar, _c2011. |
|
| 300 |
_a420 páginas : _bIlustraciones, fotografías ; _c21 cm. |
||
| 336 |
_atexto _btxt _2rdacontent |
||
| 337 |
_asin medición _bn _2rdamedia |
||
| 338 |
_avolumen _bn _2rdacarrier |
||
| 500 | _aIncluye datos biográficos del autor en la contracubierta. | ||
| 590 | _aInventariado 2023 / MF | ||
| 700 | 1 |
_aPérez Stefan, Reynolds Jossef, _eprologuista _4pr. _983579 |
|
| 942 |
_2ddc _cLBS1 |
||
| 999 |
_c53913 _d53913 |
||